Vista normal Vista MARC

Entrada Corporate Name

Número de registros utilizados en: 4

001 - CONTROL NUMBER

  • control field: 4368

003 - CONTROL NUMBER IDENTIFIER

  • control field: OSt

005 - DATE AND TIME OF LATEST TRANSACTION

  • control field: 20200514140549.0

008 - FIXED-LENGTH DATA ELEMENTS

  • fixed length control field: 200514|| aca||aabn | a|a d

040 ## - CATALOGING SOURCE

  • Original cataloging agency: OSt
  • Transcribing agency: OSt

110 ## - HEADING--CORPORATE NAME

  • Corporate name or jurisdiction name as entry element: Bogotá. Alcaldía Mayor

670 ## - SOURCE DATA FOUND

  • Source citation: Work cat.: (OSt)3899: Bogotá. Alcaldía Mayor, Bogotá del tercer milenio : , 2000